[Event "RA March op"]
[Site "Ottawa CAN"]
[Date "2020.03.01"]
[Round "4"]
[White "Demchenko, Svitlana"]
[Black "Labib, Daniel"]
[Result "1-0"]
[WhiteElo "2268"]
[BlackElo "1853"]
[PlyCount "54"]
[EventDate "2020.02.28"]
[EventType "swiss"]
[EventRounds "5"]
[EventCountry "CAN"]

1. e4 c5 2. Nf3 d6 3. c3 Nf6 4. g3 Nc6 5. d3 e5 6. Bg2 Be7 7. O-O O-O 8. Nbd2
Be6 9. Ng5 h6 10. Nxe6 fxe6 11. Bh3 Qd7 12. f4 exf4 13. gxf4 d5 14. e5 Ne8 15.
Qg4 Nc7 16. Kh1 Kh8 17. Rg1 Rg8 18. Nf3 Raf8 19. Bd2 Bd8 20. Raf1 Qf7 21. Qg3
b5 22. Bg4 c4 23. d4 Be7 24. Qh3 a5 25. Ng5 Bxg5 26. fxg5 Qg6 27. gxh6 gxh6 1-0

[Event "RA March op"]
[Site "Ottawa CAN"]
[Date "2020.03.01"]
[Round "4"]
[White "Miller, Rachel"]
[Black "Masse, Hugues"]
[Result "1/2-1/2"]
[WhiteElo "2128"]
[BlackElo "2283"]
[PlyCount "41"]
[EventDate "2020.02.28"]
[EventType "swiss"]
[EventRounds "5"]
[EventCountry "CAN"]

1. e4 c5 2. Nf3 e6 3. d4 cxd4 4. Nxd4 Nc6 5. Nc3 Qc7 6. g3 a6 7. Bg2 Nf6 8. O-O
Nxd4 9. Qxd4 Bc5 10. Qd3 Ng4 11. Na4 Ba7 12. c4 d6 13. b3 O-O 14. Ba3 Bc5 15.
Bb2 Ne5 16. Qc3 f6 17. Rfd1 Nc6 18. Qd2 Rd8 19. Nxc5 dxc5 20. Qe3 e5 21. Qxc5
1/2-1/2

[Event "RA March op"]
[Site "Ottawa CAN"]
[Date "2020.03.01"]
[Round "4"]
[White "Pace, Chris"]
[Black "Xu, Daniel"]
[Result "1-0"]
[WhiteElo "2267"]
[BlackElo "2086"]
[PlyCount "99"]
[EventDate "2020.02.28"]
[EventType "swiss"]
[EventRounds "5"]
[EventCountry "CAN"]

1. d4 Nf6 2. c4 g6 3. Nc3 Bg7 4. e4 d6 5. Nf3 O-O 6. Be2 e5 7. O-O Nc6 8. d5
Ne7 9. b4 a5 10. Ba3 axb4 11. Bxb4 Nd7 12. a4 Bh6 13. Ne1 f5 14. Nd3 Nf6 15.
Bf3 fxe4 16. Nxe4 Nf5 17. Nxf6+ Qxf6 18. c5 Nd4 19. Be4 Ra6 20. Ra3 Qh4 21. Re1
Bg4 22. f3 Bd7 23. a5 Bb5 24. g3 Qh5 25. Nf2 Qg5 26. cxd6 cxd6 27. f4 Qe7 28.
fxe5 Qxe5 29. Ng4 Ne2+ 30. Rxe2 Bxe2 31. Nxh6+ Kg7 32. Qxe2 Qd4+ 33. Qe3 Qxb4
34. Rb3 Qc5 35. Rxb7+ Kh8 36. Qxc5 dxc5 37. d6 Rxa5 38. d7 Ra1+ 39. Kg2 Rd1 40.
d8=Q Rdxd8 41. Nf7+ Rxf7 42. Rxf7 Rd2+ 43. Rf2 Rd4 44. Kf3 Kg7 45. Rc2 c4 46.
Ke3 Rd6 47. Rxc4 h5 48. Rc6 Rxc6 49. Bxc6 h4 50. g4 1-0

[Event "RA March op"]
[Site "Ottawa CAN"]
[Date "2020.03.01"]
[Round "4"]
[White "Zhu, Matthew"]
[Black "Kearnan, Daniel"]
[Result "1-0"]
[WhiteElo "1802"]
[BlackElo "1958"]
[PlyCount "95"]
[EventDate "2020.02.28"]
[EventType "swiss"]
[EventRounds "5"]
[EventCountry "CAN"]

1. d4 Nf6 2. Bf4 g6 3. Nf3 Bg7 4. e3 O-O 5. Bd3 d6 6. h3 Nbd7 7. O-O b6 8. c3
Bb7 9. Nbd2 Re8 10. Bh2 e5 11. dxe5 dxe5 12. Bc4 Ne4 13. Nxe4 Bxe4 14. Bd5 Bxd5
15. Qxd5 Qe7 16. Rfd1 Rad8 17. Qc4 c5 18. Rd5 Nf8 19. Rad1 Rxd5 20. Qxd5 h6 21.
Kf1 Kh7 22. Ng1 Qe6 23. Nf3 Qxd5 24. Rxd5 f6 25. Nd2 Re7 26. Ke2 g5 27. a4 Ne6
28. Nc4 Nc7 29. Rd2 Ne8 30. Rd1 Kg6 31. Kf3 Kf5 32. Ke2 Ke6 33. Kf3 Rd7 34.
Rxd7 Kxd7 35. Ke4 Ke6 36. g4 Bf8 37. f4 gxf4 38. exf4 Nd6+ 39. Nxd6 Bxd6 40.
f5+ Kd7 41. Kd5 a6 42. Bg1 Bc7 43. Be3 Bd6 44. Bxh6 b5 45. axb5 axb5 46. Be3 c4
47. Bc5 Bc7 48. h4 1-0

[Event "RA March op"]
[Site "Ottawa CAN"]
[Date "2020.03.01"]
[Round "5"]
[White "Masse, Hugues"]
[Black "Demchenko, Svitlana"]
[Result "1-0"]
[WhiteElo "2283"]
[BlackElo "2268"]
[PlyCount "93"]
[EventDate "2020.02.28"]
[EventType "swiss"]
[EventRounds "5"]
[EventCountry "CAN"]

1. b3 Nf6 2. Bb2 g6 3. Nf3 Bg7 4. g3 d6 5. Bg2 e5 6. d3 O-O 7. O-O Nc6 8. c4
Nh5 9. Nc3 f5 10. Ne1 Be6 11. Nc2 Qd7 12. Nd5 f4 13. Qd2 Bh3 14. Rfe1 Bxg2 15.
Kxg2 e4 16. Bxg7 f3+ 17. exf3 exf3+ 18. Kh1 Qh3 19. Rg1 Nxg7 20. Rae1 Ne5 21.
Nce3 Ne6 22. d4 Nc6 23. g4 Ng5 24. Nf5 h6 25. Rg3 Qg2+ 26. Rxg2 fxg2+ 27. Kxg2
gxf5 28. h4 Nf7 29. Nxc7 Rac8 30. Ne6 Rfe8 31. gxf5 Kh8 32. Kh2 Rg8 33. f3 d5
34. c5 Rce8 35. b4 Nb8 36. Nf4 Nc6 37. Re6 Ncd8 38. Rxe8 Rxe8 39. Nxd5 Nc6 40.
Nf4 Rd8 41. d5 Nce5 42. Ng6+ Kh7 43. Nxe5 Nxe5 44. Kg3 Nd7 45. Qd4 h5 46. Kf4
Rg8 47. c6 1-0

[Event "RA March op"]
[Site "Ottawa CAN"]
[Date "2020.03.01"]
[Round "5"]
[White "Sambuev, Bator"]
[Black "Pace, Chris"]
[Result "1-0"]
[WhiteElo "2579"]
[BlackElo "2267"]
[PlyCount "49"]
[EventDate "2020.02.28"]
[EventType "swiss"]
[EventRounds "5"]
[EventCountry "CAN"]

1. Nf3 g6 2. e4 Bg7 3. g3 c6 4. d3 d5 5. Nbd2 dxe4 6. dxe4 Nf6 7. Bg2 O-O 8.
O-O Na6 9. Re1 Nc5 10. e5 Nd5 11. Nb3 Nxb3 12. axb3 Qc7 13. Qd4 f6 14. Qh4 Bf5
15. c3 fxe5 16. Bh6 Bf6 17. Qc4 Rfd8 18. Rad1 Rac8 19. b4 Be6 20. Qe2 Nb6 21.
Ng5 Bb3 22. Ra1 Rd6 23. h4 a6 24. h5 Bh8 25. Ne4 1-0

[Event "RA March op"]
[Site "Ottawa CAN"]
[Date "2020.03.01"]
[Round "5"]
[White "Schofield, Mike"]
[Black "Zhu, Matthew"]
[Result "1/2-1/2"]
[WhiteElo "1940"]
[BlackElo "1802"]
[PlyCount "90"]
[EventDate "2020.02.28"]
[EventType "swiss"]
[EventRounds "5"]
[EventCountry "CAN"]

1. e4 c5 2. Nc3 Nc6 3. Nf3 d6 4. d4 cxd4 5. Nxd4 Bd7 6. Be3 Nf6 7. Be2 e6 8.
O-O Be7 9. Qd2 a6 10. f4 O-O 11. a3 Qc7 12. Bf3 Rfd8 13. Qf2 Rdc8 14. Rac1 Rab8
15. Nf5 b5 16. Nxe7+ Nxe7 17. e5 Nfd5 18. exd6 Qxd6 19. Ne4 Qc7 20. Bd4 Ng6 21.
Nc5 Qd6 22. Nxd7 Qxd7 23. Rfd1 Qc6 24. f5 Nf8 25. f6 gxf6 26. Bxd5 exd5 27.
Bxf6 Rb7 28. Bd4 Rd7 29. Rd3 Rd6 30. Qf5 Re8 31. Rf1 Qd7 32. Qxd7 Rxd7 33. c3
Re6 34. Rfd1 Ng6 35. Rg3 Re4 36. Re3 f5 37. g3 Kf7 38. Red3 Ne7 39. Bf2 Ke6 40.
Kf1 Nc6 41. Kg2 Ne5 42. Rd4 Ng4 43. h3 Nxf2 44. Kxf2 Ke5 45. R1d2 Rd6 1/2-1/2

[Event "RA March op"]
[Site "Ottawa CAN"]
[Date "2020.03.01"]
[Round "5"]
[White "Xu, Daniel"]
[Black "Labib, Daniel"]
[Result "0-1"]
[WhiteElo "2086"]
[BlackElo "1853"]
[PlyCount "64"]
[EventDate "2020.02.28"]
[EventType "swiss"]
[EventRounds "5"]
[EventCountry "CAN"]

1. d4 d5 2. c4 c6 3. Nf3 Nf6 4. Nc3 e6 5. Bg5 dxc4 6. e4 b5 7. e5 h6 8. Bh4 g5
9. Nxg5 hxg5 10. Bxg5 Nbd7 11. g3 Bb7 12. Bg2 Qb6 13. exf6 c5 14. Bxb7 Qxb7 15.
O-O O-O-O 16. dxc5 Ne5 17. Nd5 Rxd5 18. Qe2 Bxc5 19. a4 Nd3 20. Be3 Bxe3 21.
fxe3 Rdh5 22. axb5 Rxh2 23. Qxh2 Rxh2 24. Kxh2 Qxb5 25. Rxa7 Qxb2+ 26. Kg1 Ne5
27. Rfa1 Ng4 28. Ra8+ Kc7 29. R1a7+ Kc6 30. Rc8+ Kd6 31. Ra6+ Kd7 32. Rf8 Qf2+
0-1

[Event "RA Winter op"]
[Site "Ottawa  CAN"]
[Date "2020.01.17"]
[Round "1.2"]
[White "Bergeron, Matthew"]
[Black "Gordon, David"]
[Result "0-1"]
[WhiteElo "1983"]
[BlackElo "2280"]
[PlyCount "60"]
[EventDate "2020.01.17"]
[EventType "swiss"]
[EventRounds "5"]
[EventCountry "CAN"]

1. e4 c5 2. Nf3 Nc6 3. c4 Nf6 4. Nc3 e6 5. d4 cxd4 6. Nxd4 Bb4 7. Qd3 O-O 8.
Nxc6 bxc6 9. e5 Ng4 10. Qg3 Qa5 11. f4 f6 12. Bd2 Nh6 13. Bd3 fxe5 14. O-O Nf5
15. Qg4 e4 16. Bxe4 Qc5+ 17. Kh1 Qxc4 18. Qf3 Ba6 19. Rac1 Qd4 20. Rfd1 d5 21.
Bb1 Be7 22. Ne2 Qb6 23. Ng3 g6 24. Nxf5 exf5 25. Be3 Qb7 26. g4 fxg4 27. Qxg4
Qxb2 28. Qe6+ Rf7 29. Qxc6 Bb7 30. Rd2 Qxb1 0-1

[Event "RA Winter op"]
[Site "Ottawa  CAN"]
[Date "2020.01.17"]
[Round "1.3"]
[White "Demchenko, Svitlana"]
[Black "Mahdjoubi, Abdelaziz"]
[Result "1-0"]
[WhiteElo "2257"]
[BlackElo "1966"]
[PlyCount "63"]
[EventDate "2020.01.17"]
[EventType "swiss"]
[EventRounds "5"]
[EventCountry "CAN"]

1. e4 e5 2. Nf3 Nf6 3. d4 exd4 4. Bc4 Bc5 5. c3 Nc6 6. cxd4 Bb4+ 7. Bd2 Nxe4 8.
Bxb4 Nxb4 9. Bxf7+ Kxf7 10. Qb3+ d5 11. Ne5+ Ke6 12. Qxb4 c5 13. Qa3 cxd4 14.
Nf3 Qb6 15. O-O Bd7 16. Nbd2 Rhe8 17. Qd3 Kf6 18. Nxd4 Nxd2 19. Qxd2 Re4 20.
Rad1 Rae8 21. Nf3 Bc6 22. Qg5+ Kf7 23. Qh5+ Kg8 24. Ng5 h6 25. Qf7+ Kh8 26.
Nxe4 Rxe4 27. b3 Re2 28. Rfe1 Rxa2 29. Rd3 Qa5 30. Qf8+ Kh7 31. b4 Qb5 32. Rg3
1-0

[Event "RA Winter op"]
[Site "Ottawa  CAN"]
[Date "2020.01.17"]
[Round "1.4"]
[White "Van Rooy, Jake"]
[Black "Yao, Houji"]
[Result "0-1"]
[WhiteElo "2052"]
[BlackElo "2231"]
[PlyCount "62"]
[EventDate "2020.01.17"]
[EventType "swiss"]
[EventRounds "5"]
[EventCountry "CAN"]

1. Nf3 Nf6 2. c4 c5 3. Nc3 d5 4. cxd5 Nxd5 5. g3 g6 6. Bg2 Nc6 7. O-O Bg7 8.
Qb3 Ndb4 9. a3 Na5 10. Qa4+ Bd7 11. Qd1 Nbc6 12. b4 cxb4 13. axb4 Nxb4 14. Rb1
Nbc6 15. d4 O-O 16. Qd3 Rc8 17. Bg5 h6 18. Be3 b6 19. Nh4 Be6 20. Qe4 Bb3 21.
Nxg6 fxg6 22. Rxb3 Nxb3 23. Nd5 Qe8 24. Bh3 e6 25. Bxe6+ Kh7 26. Qg4 h5 27. Qh3
Nbxd4 28. Nf4 Rxf4 29. Bxc8 Nxe2+ 30. Kh1 Qe4+ 31. f3 Rxf3 0-1

[Event "RA Winter op"]
[Site "Ottawa  CAN"]
[Date "2020.01.17"]
[Round "1.5"]
[White "Xu, Daniel"]
[Black "Ning, Alwin"]
[Result "1-0"]
[WhiteElo "2159"]
[BlackElo "1893"]
[PlyCount "89"]
[EventDate "2020.01.17"]
[EventType "swiss"]
[EventRounds "5"]
[EventCountry "CAN"]

1. d4 d5 2. c4 c6 3. Nf3 Nf6 4. Qc2 e6 5. Bf4 Nbd7 6. e3 Be7 7. h3 h6 8. Nc3
O-O 9. Be2 dxc4 10. Bxc4 b5 11. Bd3 Bb7 12. O-O a6 13. Ne4 Nxe4 14. Bxe4 Nf6
15. Ne5 Nxe4 16. Qxe4 Rc8 17. Rac1 Bd6 18. Nd3 Be7 19. Nc5 Bxc5 20. Rxc5 Qe7
21. Qf3 Rfd8 22. Rfc1 Rd5 23. Qg3 Kh7 24. e4 Rxc5 25. Rxc5 Rd8 26. Be3 Qd6 27.
Qh4 f6 28. Rh5 Qf8 29. Qg3 Rd7 30. Rc5 Qd6 31. Qg4 Rf7 32. h4 g6 33. h5 g5 34.
e5 Qe7 35. exf6 Qxf6 36. Re5 Bc8 37. Qe4+ Kg8 38. Qxc6 Rf8 39. Rc5 Qf7 40. Qe4
Qxh5 41. f3 Qf7 42. Bxg5 Qg7 43. Qh4 Qh7 44. Bxh6 Bb7 45. Qg5+ 1-0

[Event "RA Winter op"]
[Site "Ottawa  CAN"]
[Date "2020.01.17"]
[Round "2.1"]
[White "Xu, Daniel"]
[Black "Sambuev, Bator"]
[Result "0-1"]
[WhiteElo "2159"]
[BlackElo "2577"]
[PlyCount "80"]
[EventDate "2020.01.17"]
[EventType "swiss"]
[EventRounds "5"]
[EventCountry "CAN"]

1. d4 d6 2. Nf3 g6 3. c4 Bg7 4. Nc3 e5 5. e3 exd4 6. exd4 Ne7 7. Be2 O-O 8. O-O
h6 9. Re1 d5 10. cxd5 Nxd5 11. Bc4 Nb6 12. Bb3 Nc6 13. Be3 Na5 14. Bc2 Nac4 15.
b3 Nxe3 16. fxe3 c5 17. Qd2 Bg4 18. Rad1 cxd4 19. exd4 Bxf3 20. gxf3 Qh4 21.
Re4 Qh3 22. Qg2 Qxg2+ 23. Kxg2 Rac8 24. Rd3 Nd5 25. Nxd5 Rxc2+ 26. Kg3 Rd8 27.
Nb4 Rb2 28. Rc3 Bxd4 29. Rc2 Rb1 30. Nd3 Rg1+ 31. Kh3 Bb6 32. Nf4 Rf1 33. Kg2
Rdd1 34. Nh3 Rfe1 35. Rec4 Kg7 36. b4 g5 37. a4 Kg6 38. a5 Bd4 39. Rc8 f5 40.
Rd8 Rg1+ 0-1

[Event "RA Winter op"]
[Site "Ottawa  CAN"]
[Date "2020.01.17"]
[Round "2.2"]
[White "Donev, Danail"]
[Black "Demchenko, Svitlana"]
[Result "0-1"]
[WhiteElo "2000"]
[BlackElo "2257"]
[PlyCount "44"]
[EventDate "2020.01.17"]
[EventType "swiss"]
[EventRounds "5"]
[EventCountry "CAN"]

1. e4 c5 2. Nc3 Nc6 3. Nf3 e6 4. d4 cxd4 5. Nxd4 Qc7 6. Ndb5 Qb8 7. Be3 Be7 8.
Qd2 a6 9. Nd4 b5 10. Be2 Nf6 11. f3 Bb7 12. O-O-O O-O 13. g4 d6 14. g5 Nd7 15.
h4 Nc5 16. h5 b4 17. Nb1 Qc7 18. g6 Nxd4 19. gxh7+ Kh8 20. Bxd4 e5 21. Be3 b3
22. a3 bxc2 0-1

[Event "RA Winter op"]
[Site "Ottawa  CAN"]
[Date "2020.01.17"]
[Round "2.5"]
[White "Simic, Dusan"]
[Black "Pace, Chris"]
[Result "0-1"]
[WhiteElo "2142"]
[BlackElo "2246"]
[PlyCount "64"]
[EventDate "2020.01.17"]
[EventType "swiss"]
[EventRounds "5"]
[EventCountry "CAN"]

1. e4 g6 2. d4 Bg7 3. Nc3 c6 4. Bc4 d5 5. exd5 b5 6. Bb3 b4 7. Ne4 cxd5 8. Ng3
Nf6 9. Nf3 Ba6 10. Ne5 O-O 11. Bg5 h6 12. Be3 Qb6 13. Qd2 Kh7 14. h4 h5 15. f3
e6 16. Ne2 Nfd7 17. g4 Nxe5 18. dxe5 Qc7 19. f4 hxg4 20. O-O-O Nd7 21. h5 f5
22. exf6 Nxf6 23. hxg6+ Kxg6 24. f5+ exf5 25. Nf4+ Kf7 26. Nxd5 Nxd5 27. Qxd5+
Kg6 28. Rdg1 Be2 29. Rg2 Rad8 30. Rgh2 Rxd5 31. Rh6+ Bxh6 32. Rxh6+ Kg7 0-1

[Event "RA Winter op"]
[Site "Ottawa  CAN"]
[Date "2020.01.17"]
[Round "3.1"]
[White "Sambuev, Bator"]
[Black "Demchenko, Svitlana"]
[Result "1-0"]
[WhiteElo "2577"]
[BlackElo "2257"]
[PlyCount "85"]
[EventDate "2020.01.17"]
[EventType "swiss"]
[EventRounds "5"]
[EventCountry "CAN"]

1. g3 Nf6 2. Bg2 g6 3. e4 d6 4. d4 Bg7 5. Ne2 O-O 6. O-O e5 7. Nbc3 Nc6 8. dxe5
dxe5 9. Nd5 Nxd5 10. exd5 Nd4 11. Nxd4 exd4 12. Re1 Bf5 13. g4 Bd7 14. Bf4 c6
15. Be5 Bxe5 16. Rxe5 c5 17. Qf3 Qb6 18. Rae1 Rae8 19. Rxe8 Rxe8 20. Rxe8+ Bxe8
21. Qe4 Bd7 22. Qe7 Bxg4 23. d6 Qxb2 24. Bd5 Qc1+ 25. Kg2 Qf4 26. h3 Be6 27.
Bxe6 Qe4+ 28. Kg3 Qe5+ 29. Kf3 fxe6 30. d7 Qf5+ 31. Kg3 Qe5+ 32. f4 Qe3+ 33.
Kg4 Qe2+ 34. Kh4 Qf2+ 35. Kg5 Qg3+ 36. Kf6 Qxf4+ 37. Kxe6 Qe4+ 38. Kd6 Qc6+ 39.
Ke5 Qc7+ 40. Ke4 Qc6+ 41. Kf4 Qc7+ 42. Kf3 Qc6+ 43. Kf2 1-0

[Event "RA Winter op"]
[Site "Ottawa  CAN"]
[Date "2020.01.17"]
[Round "3.3"]
[White "Pace, Chris"]
[Black "Yao, Houji"]
[Result "1-0"]
[WhiteElo "2246"]
[BlackElo "2231"]
[PlyCount "71"]
[EventDate "2020.01.17"]
[EventType "swiss"]
[EventRounds "5"]
[EventCountry "CAN"]

1. d4 Nf6 2. c4 g6 3. Nc3 d5 4. Nf3 Bg7 5. cxd5 Nxd5 6. e4 Nxc3 7. bxc3 c5 8.
Rb1 Nc6 9. Be3 Qa5 10. Rb5 Qxc3+ 11. Bd2 Qa3 12. Bc1 Qxa2 13. Rxc5 O-O 14. d5
Qb1 15. Nd2 Qb6 16. Rb5 Qc7 17. dxc6 bxc6 18. Rb1 Rd8 19. Qc2 Qa5 20. Bc4 Bh6
21. Rb3 Be6 22. Bxe6 fxe6 23. Rc3 Qb5 24. Nc4 Bg7 25. Rb3 Qc5 26. Ba3 Qg5 27.
O-O Bd4 28. Nd2 c5 29. Nf3 Qf6 30. Nxd4 cxd4 31. Qb1 a5 32. Rb7 Re8 33. Qb5 e5
34. Rc1 Rf8 35. f3 Qf4 36. Rxe7 1-0

[Event "RA Winter op"]
[Site "Ottawa  CAN"]
[Date "2020.01.17"]
[Round "3.4"]
[White "Bergeron, Matthew"]
[Black "Xu, Daniel"]
[Result "0-1"]
[WhiteElo "1983"]
[BlackElo "2159"]
[PlyCount "80"]
[EventDate "2020.01.17"]
[EventType "swiss"]
[EventRounds "5"]
[EventCountry "CAN"]

1. e4 c5 2. Nf3 d6 3. c4 Nf6 4. Nc3 e5 5. Be2 Be7 6. d3 Nc6 7. O-O O-O 8. a3
Ne8 9. Nd5 Nd4 10. Nxd4 cxd4 11. b4 Nc7 12. Bd2 Nxd5 13. exd5 f5 14. Rc1 b6 15.
Qb3 Kh8 16. Rfe1 Bd7 17. Bf3 Rb8 18. Qc2 g5 19. c5 bxc5 20. bxc5 dxc5 21. Rxe5
Bd6 22. Re6 Bxe6 23. dxe6 g4 24. Bc6 f4 25. f3 Qg5 26. Rb1 Rxb1+ 27. Qxb1 Rb8
28. Qe1 g3 29. h3 Kg7 30. Kf1 Kf6 31. e7 Bxe7 32. Qe4 Rb1+ 33. Ke2 Qe5 34. Bxf4
Rb2+ 35. Ke1 Qxe4+ 36. fxe4 Rb3 37. Kd2 Rxa3 38. Bd5 Kg6 39. Bxg3 Bg5+ 40. Kc2
Rc3+ 0-1

[Event "RA Winter op"]
[Site "Ottawa  CAN"]
[Date "2020.01.17"]
[Round "3.5"]
[White "Van Rooy, Jake"]
[Black "Kearnan, Daniel"]
[Result "1-0"]
[WhiteElo "2052"]
[BlackElo "1902"]
[PlyCount "71"]
[EventDate "2020.01.17"]
[EventType "swiss"]
[EventRounds "5"]
[EventCountry "CAN"]

1. e4 d6 2. c4 g6 3. d4 Bg7 4. Nc3 c5 5. d5 Nf6 6. Bd3 O-O 7. Nge2 e6 8. O-O
Ng4 9. f4 exd5 10. cxd5 c4 11. Bxc4 Qb6+ 12. Kh1 Nf2+ 13. Rxf2 Qxf2 14. Bd2 Nd7
15. Qc1 Qb6 16. Be3 Qd8 17. Nd4 a6 18. b4 Nf6 19. Qd2 Re8 20. Bd3 Ng4 21. Bg1
Nxh2 22. Bxh2 Bxd4 23. Rf1 Bg4 24. Ne2 Bxe2 25. Qxe2 f5 26. e5 dxe5 27. fxe5
Qh4 28. Rf4 Qh6 29. Rxd4 Rac8 30. Rc4 Rxc4 31. Bxc4 b5 32. Bb3 Rc8 33. d6+ Kf8
34. e6 Rc1+ 35. Bd1 Qh5 36. e7+ 1-0

[Event "RA Winter op"]
[Site "Ottawa  CAN"]
[Date "2020.01.17"]
[Round "3.8"]
[White "Mahdjoubi, Abdelaziz"]
[Black "Schofield, Mike"]
[Result "1-0"]
[WhiteElo "1966"]
[BlackElo "1988"]
[PlyCount "77"]
[EventDate "2020.01.17"]
[EventType "swiss"]
[EventRounds "5"]
[EventCountry "CAN"]

1. e4 c5 2. Nf3 Nc6 3. d4 cxd4 4. Nxd4 g6 5. c4 Bg7 6. Be3 Nf6 7. Nc3 O-O 8.
Be2 b6 9. f4 Bb7 10. Bf3 Ne8 11. e5 Nc7 12. h4 Ne6 13. Nxe6 dxe6 14. Qe2 Na5
15. Bxb7 Nxb7 16. h5 Nc5 17. hxg6 fxg6 18. Rd1 Qc7 19. b4 Na6 20. a3 Rad8 21.
Nb5 Qb7 22. Rc1 Qe4 23. Nc3 Qb7 24. Rh3 Qc8 25. Ne4 h6 26. Qg4 Rd3 27. Qxg6 Qe8
28. Nf6+ exf6 29. Qxd3 f5 30. c5 Nc7 31. cxb6 Nd5 32. bxa7 Qa8 33. Rg3 Rd8 34.
Rd1 Kf7 35. Kf2 Bf8 36. Qc4 Be7 37. Qe2 Rh8 38. Qh5+ Kf8 39. Qg6 1-0

[Event "RA Winter op"]
[Site "Ottawa  CAN"]
[Date "2020.01.19"]
[Round "4.2"]
[White "Gordon, David"]
[Black "Pace, Chris"]
[Result "0-1"]
[WhiteElo "2280"]
[BlackElo "2246"]
[PlyCount "74"]
[EventDate "2020.01.17"]
[EventType "swiss"]
[EventRounds "5"]
[EventCountry "CAN"]

1. b3 e5 2. Bb2 Nc6 3. e4 Nf6 4. Nc3 Bc5 5. Bc4 d6 6. Nf3 O-O 7. d3 a6 8. a4
Bg4 9. h3 Bxf3 10. Qxf3 Nd4 11. Qd1 c6 12. O-O d5 13. exd5 cxd5 14. b4 Bxb4 15.
Na2 Bc5 16. Bb3 Qb6 17. Rb1 Nxb3 18. Bxe5 Nd7 19. Rxb3 Qc6 20. Ba1 Rfe8 21. Qg4
Nf6 22. Qf3 Re6 23. Nb4 Qd6 24. Bxf6 Rxf6 25. Qxd5 Bxb4 26. Qxb7 Rb8 27. Qe4
Bc5 28. Rxb8+ Qxb8 29. c3 Qb3 30. d4 Bf8 31. Rb1 Qxa4 32. Rb8 Qa1+ 33. Kh2 Qa3
34. f4 Qd6 35. Qe5 Re6 36. Qxd6 Rxd6 37. Kg3 Rc6 0-1

[Event "RA Winter op"]
[Site "Ottawa  CAN"]
[Date "2020.01.19"]
[Round "4.3"]
[White "Demchenko, Svitlana"]
[Black "Van Rooy, Jake"]
[Result "0-1"]
[WhiteElo "2257"]
[BlackElo "2052"]
[PlyCount "94"]
[EventDate "2020.01.17"]
[EventType "swiss"]
[EventRounds "5"]
[EventCountry "CAN"]

1. e4 c5 2. Nf3 d6 3. d4 cxd4 4. Nxd4 Nf6 5. Nc3 a6 6. Be3 Qc7 7. f3 Nbd7 8.
Qd2 b5 9. a4 b4 10. Nd5 Nxd5 11. exd5 Nb6 12. Nc6 Nxd5 13. Nxb4 Nxe3 14. Qxe3
e6 15. O-O-O Be7 16. Bd3 d5 17. Na2 Bf6 18. b3 O-O 19. Rhe1 Rb8 20. g3 Bd7 21.
Kd2 e5 22. Ke2 e4 23. Bxa6 d4 24. Qd2 d3+ 25. Bxd3 exd3+ 26. Qxd3 Bh3 27. Kf2
Rbd8 28. Qe4 Qc5+ 29. Qe3 Qxc2+ 30. Qe2 Qc5+ 31. Qe3 Qc2+ 32. Qe2 Qc5+ 33. Qe3
Bd4 34. Rxd4 Qxd4 35. Qxd4 Rxd4 36. g4 Rd2+ 37. Re2 Rxe2+ 38. Kxe2 h5 39. b4
hxg4 40. b5 Re8+ 41. Kf2 gxf3 42. Kxf3 Be6 43. Nc3 Rc8 44. Ne2 Bd7 45. Ke4 Rc4+
46. Kd5 Rxa4 47. Nd4 Rxd4+ 0-1

[Event "RA Winter op"]
[Site "Ottawa  CAN"]
[Date "2020.01.19"]
[Round "4.4"]
[White "Donev, Danail"]
[Black "Xu, Daniel"]
[Result "1-0"]
[WhiteElo "2000"]
[BlackElo "2159"]
[PlyCount "63"]
[EventDate "2020.01.17"]
[EventType "swiss"]
[EventRounds "5"]
[EventCountry "CAN"]

1. e4 c5 2. Nf3 d6 3. d4 cxd4 4. Nxd4 Nf6 5. Nc3 a6 6. Bc4 e6 7. Be3 b5 8. Bb3
b4 9. Na4 Nxe4 10. O-O d5 11. f4 Bd6 12. Qf3 Nd7 13. c4 bxc3 14. Nxc3 Ndf6 15.
f5 O-O 16. fxe6 fxe6 17. Nxe4 Nxe4 18. Qh3 Bc5 19. Rxf8+ Qxf8 20. Re1 Ra7 21.
Nxe6 Bxe3+ 22. Qxe3 Bxe6 23. Qxa7 Qb4 24. Qa8+ Kf7 25. Rf1+ Nf6 26. Qa7+ Kg6
27. Bc2+ Ne4 28. Qe3 Bf5 29. Bb3 d4 30. Qf4 Qc5 31. Kh1 d3 32. g4 1-0

[Event "RA Winter op"]
[Site "Ottawa  CAN"]
[Date "2020.01.19"]
[Round "5.1"]
[White "Pace, Chris"]
[Black "Sambuev, Bator"]
[Result "0-1"]
[WhiteElo "2246"]
[BlackElo "2577"]
[PlyCount "46"]
[EventDate "2020.01.17"]
[EventType "swiss"]
[EventRounds "5"]
[EventCountry "CAN"]

1. d4 e6 2. c4 Nf6 3. Nc3 Bb4 4. e3 c5 5. a3 Bxc3+ 6. bxc3 O-O 7. Bd3 Nc6 8.
Nf3 d6 9. e4 e5 10. d5 Ne7 11. h3 Ne8 12. g4 g6 13. Rg1 Ng7 14. h4 f6 15. h5
Kf7 16. Be3 Bd7 17. Rb1 Rb8 18. Nh4 g5 19. h6 gxh4 20. hxg7 Kxg7 21. f4 exf4
22. Bxf4 Be8 23. g5 Ng6 0-1

[Event "RA Winter op"]
[Site "Ottawa  CAN"]
[Date "2020.01.19"]
[Round "5.4"]
[White "Xu, Daniel"]
[Black "Demchenko, Svitlana"]
[Result "0-1"]
[WhiteElo "2159"]
[BlackElo "2257"]
[PlyCount "84"]
[EventDate "2020.01.17"]
[EventType "swiss"]
[EventRounds "5"]
[EventCountry "CAN"]

1. d4 Nf6 2. c4 g6 3. Nc3 Bg7 4. e4 d6 5. f3 O-O 6. Be3 Nc6 7. Qd2 a6 8. Nge2
Rb8 9. Rc1 Bd7 10. Nd1 b5 11. c5 d5 12. e5 Ne8 13. h4 f6 14. f4 Bg4 15. Nf2 Qd7
16. Nc3 Rd8 17. Be2 Be6 18. h5 fxe5 19. fxe5 Nxe5 20. hxg6 Nxg6 21. Bh6 Rf7 22.
Bh5 Nf6 23. Bxg6 hxg6 24. Bxg7 Rxg7 25. Nd3 Ng4 26. Qg5 Bf5 27. Nf4 e5 28. dxe5
Re8 29. Qh4 Rxe5+ 30. Kf1 Ne3+ 31. Kg1 Rh7 32. Qxh7+ Qxh7 33. Rxh7 Kxh7 34. Re1
c6 35. Nd1 d4 36. Nxe3 dxe3 37. b4 Re4 38. Nd3 Kg7 39. a3 Kf6 40. Kh2 Rc4 41.
Nb2 Rc2 42. Rb1 Rd2 0-1

[Event "RA Winter op U1900"]
[Site "Ottawa CAN"]
[Date "2020.01.17"]
[Round "1.16"]
[White "Laurin, Marcel"]
[Black "Masse-Garneau, Anthony"]
[Result "1-0"]
[WhiteElo "1714"]
[BlackElo "1644"]
[PlyCount "57"]
[EventDate "2020.01.17"]
[EventType "swiss"]
[EventRounds "5"]
[EventCountry "CAN"]

1. d4 d5 2. Nf3 c6 3. Bf4 Nf6 4. h3 e6 5. e3 Bd6 6. Ne5 O-O 7. Bd3 Qc7 8. Nd2
Nbd7 9. Ndf3 h6 10. h4 Ne4 11. g4 Qa5+ 12. Kf1 Bxe5 13. dxe5 f6 14. Bxe4 dxe4
15. Nd4 Nxe5 16. g5 fxg5 17. hxg5 Ng6 18. gxh6 e5 19. hxg7 Rf7 20. Rh8+ Nxh8
21. gxh8=Q+ Kxh8 22. Qh5+ Kg8 23. Bxe5 Bh3+ 24. Ke2 Rxf2+ 25. Kxf2 Qd2+ 26. Ne2
Rf8+ 27. Bf4 Rxf4+ 28. exf4 e3+ 29. Kg3 1-0

[Event "SPFNO K-12 Online"]
[Site "chess.com"]
[Date "2020.10.10"]
[Round "1"]
[White "Huang, Patrick"]
[Black "Nallabothula, Varin"]
[Result "1-0"]
[WhiteElo "2046"]
[BlackElo "1293"]
[PlyCount "101"]
[EventDate "2020.10.24"]
[EventType "swiss"]
[EventRounds "6"]
[EventCountry "CAN"]

1. d4 d5 2. Bf4 c5 3. e3 Nc6 4. c3 Nf6 5. Nd2 Bf5 6. Ngf3 e6 7. Qb3 Qb6 8. Qxb6
axb6 9. Bc7 Nd7 10. Nh4 Bg6 11. Bb5 Be7 12. Nxg6 hxg6 13. Nf3 O-O 14. O-O Rfc8
15. Bg3 Ra5 16. a4 Nf6 17. Nd2 Na7 18. Nb3 Nxb5 19. Nxa5 Nxd4 20. exd4 bxa5 21.
dxc5 Bxc5 22. Rab1 Ne4 23. Rbd1 Rc6 24. Rfe1 f5 25. Re2 g5 26. Be5 Rb6 27. Kf1
g4 28. Bd4 Bxd4 29. Rxd4 Nc5 30. b4 axb4 31. a5 Rb5 32. cxb4 Nb3 33. Rd1 Kf7
34. Rb2 Nxa5 35. Ke2 Nc4 36. Rb3 Kf6 37. Ra1 Ke5 38. Ra8 f4 39. Rg8 Kf6 40.
Rf8+ Kg5 41. Rf7 g6 42. f3 e5 43. Rc7 b6 44. Rc6 gxf3+ 45. gxf3 Kh5 46. Re6 g5
47. Rb1 g4 48. fxg4+ Kxg4 49. Rf6 Kh3 50. Rg1 f3+ 51. Kf2 1-0